[Event "21st ch-EUR Indiv w 2021"]
[Site "Iasi ROU"]
[Date "2021.08.13"]
[Round "5.5"]
[White "Batsiashvili, Nino"]
[Black "Sargsyan, Anna M."]
[Result "1-0"]
[WhiteTitle "GM"]
[BlackTitle "WGM"]
[WhiteElo "2487"]
[BlackElo "2388"]
[WhiteFideId "13602993"]
[BlackFideId "13308130"]
[EventDate "2021.08.09"]

1. d4 d5 2. c4 c6 3. cxd5 cxd5 4. Bf4 Nc6 5. e3 Nf6 6. Bb5 Bd7 7. Nc3 e6 8. Nf3
Bb4 9. O-O O-O 10. Bd3 Rc8 11. Rc1 a6 12. Qe2 h6 13. h3 Qe7 14. a3 Bd6 15. Ne5
b5 16. b4 Na7 17. e4 a5 18. exd5 Rxc3 19. Rxc3 Nxd5 20. Bd2 Nxc3 21. Bxc3 Rc8
22. Qd2 Be8 23. bxa5 Bxa3 24. Rb1 Qc7 25. Rb3 Bd6 26. Qe1 Qb7 27. Be4 Qa6 28.
Bd2 Nc6 29. Rg3 Kf8 30. Qe3 g5 31. Rxg5 hxg5 32. Qxg5 Nxe5 33. dxe5 Bc5 34. Qf6
Bc6 35. Bg6 Qb7 36. a6 Qc7 37. Bg5 Ke8 38. Qxe6+ Kf8 39. Qf6 Ke8 40. e6 fxg6 41.
Qxg6+ 1-0

[Event "21st ch-EUR Indiv w 2021"]
[Site "Iasi ROU"]
[Date "2021.08.13"]
[Round "5.6"]
[White "Kiolbasa, Oliwia"]
[Black "Khotenashvili, Bela"]
[Result "1-0"]
[WhiteTitle "WIM"]
[BlackTitle "GM"]
[WhiteElo "2288"]
[BlackElo "2471"]
[WhiteFideId "1154613"]
[BlackFideId "13602640"]
[EventDate "2021.08.09"]

1. e4 e5 2. Nf3 Nc6 3. Bb5 a6 4. Ba4 d6 5. O-O Bd7 6. c3 g6 7. d4 Bg7 8. d5 Nce7
9. Bxd7+ Qxd7 10. c4 h6 11. Nc3 f5 12. Ne1 Nf6 13. f3 O-O 14. Nd3 f4 15. b4 g5
16. a4 Rf7 17. Ra2 Ng6 18. a5 g4 19. b5 g3 20. h3 Nh7 21. bxa6 Rxa6 22. Qb3 c5
23. Na4 Ng5 24. Nb6 Nxh3+ 25. Kh1 Rxb6 26. Qxb6 Ng5 27. Nxc5 Qe7 28. Qxb7 Qd8
29. Qb6 Qf6 30. Rd1 Nxe4 31. Nxe4 Qh4+ 32. Kg1 Rb7 33. Qxb7 Qh2+ 34. Kf1 Qh1+
35. Ke2 Qxg2+ 36. Kd3 Qxf3+ 37. Kc2 Qxe4+ 38. Kb2 g2 39. Qb3 f3 40. Be3 Ne7 41.
a6 Nf5 42. Bf2 Nd4 43. Qd3 1-0

[Event "21st ch-EUR Indiv w 2021"]
[Site "Iasi ROU"]
[Date "2021.08.13"]
[Round "5.7"]
[White "Narva, Mai"]
[Black "Arabidze, Meri"]
[Result "0-1"]
[WhiteTitle "WIM"]
[BlackTitle "IM"]
[WhiteElo "2276"]
[BlackElo "2438"]
[WhiteFideId "4500512"]
[BlackFideId "13604040"]
[EventDate "2021.08.09"]

1. e4 e5 2. Nf3 Nc6 3. d4 exd4 4. Nxd4 Bc5 5. Nxc6 Qf6 6. Qf3 bxc6 7. Nc3 Qxf3
8. gxf3 Ne7 9. Be3 Bb6 10. O-O-O d6 11. h4 f5 12. e5 Bxe3+ 13. fxe3 dxe5 14. Bc4
Bd7 15. h5 Rd8 16. Rhg1 g6 17. Na4 Nd5 18. hxg6 hxg6 19. Bxd5 cxd5 20. Nc5 Kf7
21. Rxd5 Bc6 22. Rxe5 Rde8 23. f4 Rxe5 24. fxe5 Rh5 25. Rf1 Ke7 26. Rf2 Rh4 27.
b3 Bd5 28. Kd2 Rh3 29. a4 Bf3 30. Kc3 g5 31. Nd3 g4 32. Nf4 Rh1 33. Kd4 Be4 34.
Ne2 Rd1+ 35. Kc3 Ke6 36. Rh2 Kxe5 37. Rh6 Rd6 38. Rxd6 Kxd6 39. Kd2 Ke5 40. c3
Bf3 41. Ng3 f4 42. Nh5 fxe3+ 43. Kxe3 Bd1 44. b4 Bxa4 45. Ng3 Kd5 46. Kd3 Bb5+
47. Ke3 Kc4 48. Kd2 Kb3 49. Nf5 Bd7 50. Ng3 c5 51. Ne4 cxb4 52. Nc5+ Ka3 53.
Nxd7 g3 54. Ke3 g2 55. Kf2 bxc3 56. Ne5 c2 57. Nd3 Kb3 58. Kxg2 Kc3 59. Nc1 Kb2
60. Nd3+ Kb1 61. Kf3 a5 62. Ke3 c1=Q+ 63. Nxc1 Kxc1 64. Kd3 Kb2 0-1

[Event "21st ch-EUR Indiv w 2021"]
[Site "Iasi ROU"]
[Date "2021.08.13"]
[Round "5.8"]
[White "Gevorgyan, Maria"]
[Black "Girya, Olga"]
[Result "1-0"]
[WhiteTitle "WGM"]
[BlackTitle "WGM"]
[WhiteElo "2232"]
[BlackElo "2425"]
[WhiteFideId "13300270"]
[BlackFideId "4195752"]
[EventDate "2021.08.09"]

1. e4 c6 2. d4 d5 3. exd5 cxd5 4. Bd3 Nc6 5. c3 Qc7 6. Ne2 e6 7. Bf4 Bd6 8. Bxd6
Qxd6 9. f4 Nf6 10. Nd2 Ne7 11. Nf3 Nf5 12. Qd2 O-O 13. h3 Ne4 14. Bxe4 dxe4 15.
Ne5 Qa6 16. O-O f6 17. Ng4 h5 18. Nh2 Bd7 19. Rfe1 e3 20. Qd1 Qd6 21. Nf1 Bc6
22. Qc2 Rac8 23. Rad1 Bd5 24. Qd3 Bc4 25. Qe4 Bd5 26. Qd3 Bxg2 27. Kxg2 Qd5+ 28.
Kg1 Nh4 29. Nxe3 Nf3+ 30. Kf2 Nxe1 31. Rxe1 Qxa2 32. d5 exd5 33. Rg1 Rf7 34. Nf5
Kf8 35. Nd6 1-0

[Event "21st ch-EUR Indiv w 2021"]
[Site "Iasi ROU"]
[Date "2021.08.13"]
[Round "5.9"]
[White "Buksa, Nataliya"]
[Black "Antova, Gabriela"]
[Result "1-0"]
[WhiteTitle "IM"]
[BlackTitle "FM"]
[WhiteElo "2413"]
[BlackElo "2292"]
[WhiteFideId "14123622"]
[BlackFideId "2915235"]
[EventDate "2021.08.09"]

1. e4 c5 2. Nf3 d6 3. d4 cxd4 4. Nxd4 Nf6 5. Nc3 a6 6. h3 e6 7. g4 Be7 8. g5
Nfd7 9. h4 b5 10. a3 Bb7 11. Be3 Nc6 12. Rg1 Rc8 13. f4 Nxd4 14. Qxd4 e5 15. Qd2
Nb6 16. O-O-O Nc4 17. Bxc4 Rxc4 18. h5 Qc8 19. g6 fxg6 20. hxg6 Rxc3 21. bxc3
Bxe4 22. gxh7 Rxh7 23. fxe5 d5 24. Kb2 Qc7 25. Bd4 Kd7 26. Rge1 Kc8 27. Rxe4
dxe4 28. Qf4 Rh4 29. Qf5+ Qd7 30. Qg6 Rg4 31. Qxa6+ Qb7 32. Qe6+ Qd7 33. Qg8+
Kb7 34. Rh1 e3 35. Rh8 Rxd4 36. Qa8+ Kb6 37. Rb8+ Kc5 38. e6 Qd5 39. Qa6 Kc4 40.
Rc8+ Bc5 41. Qa5 Qd6 42. e7 Re4 43. Qb4+ Kd5 44. Qb3+ 1-0

[Event "21st ch-EUR Indiv w 2021"]
[Site "Iasi ROU"]
[Date "2021.08.13"]
[Round "5.10"]
[White "Rozman, Monika"]
[Black "Daulyte-Cornette, Deimante"]
[Result "1/2-1/2"]
[WhiteTitle "WFM"]
[BlackTitle "IM"]
[WhiteElo "2122"]
[BlackElo "2408"]
[WhiteFideId "14609118"]
[BlackFideId "12802859"]
[EventDate "2021.08.09"]

1. e4 c5 2. Nf3 Nc6 3. d4 cxd4 4. Nxd4 e5 5. Nb5 d6 6. N1c3 a6 7. Na3 Be6 8. Nc4
b5 9. Ne3 Nf6 10. f3 g6 11. Ned5 Bxd5 12. Nxd5 Nxd5 13. exd5 Nd4 14. Bd3 Bh6 15.
O-O Bxc1 16. Qxc1 O-O 17. c3 Nf5 18. Bxf5 gxf5 19. a4 f4 20. Qc2 f5 21. Qe2 Qb6+
22. Kh1 Qc5 23. Rfd1 Qc4 24. Qf2 Rab8 25. axb5 Rxb5 26. Qh4 Rxd5 27. Qg5+ Kh8
28. Qe7 Rf7 29. Qd8+ Kg7 30. Qg5+ Kf8 31. Rxd5 Qxd5 32. h4 Qd3 33. c4 Rg7 34.
Qf6+ Kg8 35. Qe6+ Kh8 36. Qf6 Qd2 37. Qf8+ Rg8 38. Qf6+ Rg7 39. Qf8+ Rg8 40.
Qf6+ 1/2-1/2

[Event "21st ch-EUR Indiv w 2021"]
[Site "Iasi ROU"]
[Date "2021.08.13"]
[Round "5.11"]
[White "Garifullina, Leya"]
[Black "Beydullayeva, Govhar"]
[Result "1/2-1/2"]
[WhiteTitle "WGM"]
[BlackTitle "WIM"]
[WhiteElo "2385"]
[BlackElo "2282"]
[WhiteFideId "34127035"]
[BlackFideId "13413015"]
[EventDate "2021.08.09"]

1. e4 c5 2. Nf3 d6 3. d4 cxd4 4. Nxd4 Nf6 5. Nc3 a6 6. h3 e5 7. Nde2 h5 8. g3 b5
9. Nd5 Nbd7 10. Bg5 Bb7 11. Nec3 Be7 12. Nxe7 Qxe7 13. Bg2 Qe6 14. O-O Nb6 15.
Qd3 O-O 16. Rad1 Nc4 17. Bc1 Rac8 18. a4 b4 19. Nd5 Bxd5 20. exd5 Qd7 21. Qe2 e4
22. Rd4 Ne5 23. Rxb4 Qf5 24. Bf4 Nf3+ 25. Bxf3 exf3 26. Qxf3 g5 27. Kg2 Rxc2 28.
Bxd6 Qxf3+ 29. Kxf3 Rd8 30. Be7 Rxd5 31. Bxf6 Rf5+ 32. Kg2 Rxf6 33. Rb8+ Kg7 34.
b4 Ra2 35. b5 Rxa4 36. bxa6 1/2-1/2

[Event "21st ch-EUR Indiv w 2021"]
[Site "Iasi ROU"]
[Date "2021.08.13"]
[Round "5.12"]
[White "Javakhishvili, Lela"]
[Black "Schulze, Lara"]
[Result "1-0"]
[WhiteTitle "IM"]
[BlackTitle "FM"]
[WhiteElo "2470"]
[BlackElo "2269"]
[WhiteFideId "13601458"]
[BlackFideId "12956830"]
[EventDate "2021.08.09"]

1. d4 Nf6 2. c4 e6 3. Nf3 b6 4. g3 Ba6 5. Nbd2 d5 6. Bg2 Be7 7. O-O O-O 8. b3
Nbd7 9. Bb2 Rc8 10. cxd5 exd5 11. Ne5 c5 12. Ndf3 Ne4 13. Rc1 f5 14. Nd3 c4 15.
bxc4 dxc4 16. Nf4 Rf6 17. Nd2 Nxd2 18. Qxd2 b5 19. d5 b4 20. Bxf6 Nxf6 21. Qc2
g6 22. e4 fxe4 23. Rfe1 g5 24. Qa4 Qd6 25. Ne6 Qxd5 26. Qxa6 Rc6 27. Qxa7 Rxe6
28. Red1 Qc6 29. Rd4 c3 30. Bh3 g4 31. Bg2 Qa6 32. Qc7 Qxa2 33. Bf1 Nd5 34. Rxd5
Qxd5 35. Bc4 Qf5 36. Qxe7 1-0

[Event "21st ch-EUR Indiv w 2021"]
[Site "Iasi ROU"]
[Date "2021.08.13"]
[Round "5.13"]
[White "Bodnaruk, Anastasia"]
[Black "Lehaci, Miruna-Daria"]
[Result "1-0"]
[WhiteTitle "IM"]
[BlackTitle "WFM"]
[WhiteElo "2449"]
[BlackElo "2267"]
[WhiteFideId "4181751"]
[BlackFideId "1234765"]
[EventDate "2021.08.09"]

1. e4 c5 2. Nf3 d6 3. d4 cxd4 4. Nxd4 Nf6 5. Nc3 Nc6 6. Bg5 e6 7. Qd3 a6 8. Nxc6
bxc6 9. O-O-O Qa5 10. Bd2 Qc7 11. f4 Be7 12. Be2 d5 13. g4 Bb7 14. e5 Nd7 15.
Qg3 c5 16. Bf3 Bc6 17. Rde1 Qb6 18. f5 Rb8 19. Nd1 c4 20. g5 d4 21. g6 Bxf3 22.
gxf7+ Kd8 23. Qxf3 c3 24. Bf4 Ba3 25. Qd3 Rf8 26. fxe6 Qxe6 27. bxa3 Qxa2 28.
Bg5+ Kc8 29. Nxc3 Qxa3+ 30. Kd1 dxc3 31. e6 Nc5 32. Qd5 Rb7 33. e7 Na4 34.
exf8=Q+ 1-0

[Event "21st ch-EUR Indiv w 2021"]
[Site "Iasi ROU"]
[Date "2021.08.13"]
[Round "5.14"]
[White "Badelka, Olga"]
[Black "Sliwicka, Alicja"]
[Result "1-0"]
[WhiteTitle "IM"]
[BlackTitle "WIM"]
[WhiteElo "2418"]
[BlackElo "2306"]
[WhiteFideId "13509926"]
[BlackFideId "1150677"]
[EventDate "2021.08.09"]

1. Nf3 Nf6 2. c4 c5 3. Nc3 d5 4. cxd5 Nxd5 5. e3 Nc6 6. Bb5 Nxc3 7. bxc3 Bd7 8.
O-O e6 9. d4 a6 10. Bd3 Be7 11. e4 cxd4 12. cxd4 O-O 13. Bb2 b5 14. Qe2 Re8 15.
Rad1 Qb6 16. Bb1 Bf8 17. h4 Na5 18. Ne5 Ra7 19. d5 f6 20. Nxd7 Rxd7 21. e5 f5
22. d6 g6 23. h5 Bh6 24. Bd3 Rb8 25. Bc1 Bxc1 26. Rxc1 Qd4 27. Rfd1 Qh4 28. Qd2
Nc4 29. Bxc4 bxc4 30. h6 Rb5 31. Qc3 Kf7 32. a4 Rc5 33. Qe3 Rc8 34. Rd4 Qd8 35.
Rdxc4 Rxc4 36. Rxc4 g5 37. Rc6 Qa5 38. Rc5 Qd8 39. Qc3 Kg6 40. Rc8 Qb6 41. Rg8+
Kf7 42. Rg7+ 1-0

[Event "21st ch-EUR Indiv w 2021"]
[Site "Iasi ROU"]
[Date "2021.08.13"]
[Round "5.15"]
[White "Hoang, Thanh Trang"]
[Black "Dornbusch, Tatiana"]
[Result "1-0"]
[WhiteTitle "GM"]
[BlackTitle "WGM"]
[WhiteElo "2404"]
[BlackElo "2249"]
[WhiteFideId "12400149"]
[BlackFideId "14107449"]
[EventDate "2021.08.09"]

1. d4 Nf6 2. Bg5 Ne4 3. Bf4 d5 4. e3 Bf5 5. Bd3 e6 6. Nd2 Nxd2 7. Qxd2 Bxd3 8.
Qxd3 c6 9. Nf3 Be7 10. O-O f5 11. c4 O-O 12. cxd5 exd5 13. b4 a6 14. Rab1 Nd7
15. a4 Nb6 16. b5 axb5 17. axb5 Nc4 18. bxc6 bxc6 19. Ne5 Nxe5 20. Bxe5 Bd6 21.
Bxd6 Qxd6 22. g3 g6 23. Rfc1 Rf7 24. Rb6 Rc7 25. h4 h5 26. Qc3 Rac8 27. Ra1 Kf7
28. Raa6 Kg7 29. Qa5 Qe7 30. Qa4 Qd7 31. Qb3 Kf7 32. Rb8 Rxb8 33. Qxb8 Qc8 34.
Qb6 Ke6 35. Qa5 Qd7 36. Ra8 Kf6 37. Rf8+ Kg7 38. Qa8 Qe6 39. Rh8 Qf7 40. Qb8 Re7
41. Rc8 Qe6 42. Rd8 Qf6 43. Rd6 Re6 44. Qc7+ Kf8 45. Qc8+ Kf7 46. Rd8 Kg7 47.
Rg8+ Kh7 48. Rf8 Qe7 49. Rh8+ Kg7 50. Qg8+ Kf6 51. Rh7 Rxe3 52. Qh8+ 1-0

[Event "21st ch-EUR Indiv w 2021"]
[Site "Iasi ROU"]
[Date "2021.08.13"]
[Round "5.16"]
[White "Zimina, Olga"]
[Black "Milliet, Sophie"]
[Result "0-1"]
[WhiteTitle "IM"]
[BlackTitle "IM"]
[WhiteElo "2345"]
[BlackElo "2403"]
[WhiteFideId "4132190"]
[BlackFideId "623725"]
[EventDate "2021.08.09"]

1. d4 Nf6 2. Nf3 e6 3. g3 b5 4. Bg2 Bb7 5. O-O c5 6. c3 Be7 7. a4 b4 8. cxb4
cxb4 9. a5 O-O 10. Re1 Na6 11. Qd3 Qc8 12. Nbd2 Rb8 13. e4 b3 14. e5 Nb4 15. Qb1
Nfd5 16. Ne4 Nc2 17. Bg5 Nxe1 18. Qxe1 Bb4 19. Bd2 Qc2 20. Rd1 Qxb2 21. Bf1 Rfc8
22. Bd3 Bxd2 23. Rxd2 Qc1 24. Rd1 Qc6 25. Nfg5 h6 26. Nxf7 Kxf7 27. Bb5 Qc7 28.
Qe2 Ne7 29. Qh5+ g6 30. Qf3+ Nf5 31. Bd3 Kg7 32. g4 Rf8 33. gxf5 exf5 34. d5
Bxd5 35. Qh3 fxe4 36. Bxe4 Be6 0-1

[Event "21st ch-EUR Indiv w 2021"]
[Site "Iasi ROU"]
[Date "2021.08.13"]
[Round "5.17"]
[White "Tsolakidou, Stavroula"]
[Black "Gaboyan, Susanna"]
[Result "1/2-1/2"]
[WhiteTitle "IM"]
[BlackTitle "WIM"]
[WhiteElo "2389"]
[BlackElo "2215"]
[WhiteFideId "4264312"]
[BlackFideId "13303627"]
[EventDate "2021.08.09"]

1. e4 c5 2. Nf3 Nc6 3. Bb5 g6 4. O-O Bg7 5. c3 Nf6 6. Re1 O-O 7. h3 Qb6 8. Ba4
d6 9. d3 e5 10. Na3 h6 11. Nc4 Qc7 12. Ne3 Be6 13. a3 Rad8 14. b4 d5 15. Qc2 c4
16. dxc4 dxc4 17. Bb5 Ne7 18. Nd2 Rxd2 19. Bxd2 a6 20. Bxc4 Bxc4 21. Nxc4 Qxc4
22. Be3 Qxe4 23. Qxe4 Nxe4 24. Bxh6 Nxc3 25. Bxg7 Kxg7 26. Rxe5 Nc6 27. Rc5 Ne2+
28. Kf1 Ned4 29. Rd5 Nc2 30. Rc1 Nxa3 31. Rd7 Rb8 32. f4 Nb5 33. Rc4 Kf8 34. Re4
Nc3 35. Rc4 Na4 36. Re4 Nb6 37. Rd2 Re8 38. Rxe8+ Kxe8 39. f5 Ke7 40. fxg6 fxg6
41. h4 Nxb4 42. g4 N6d5 43. Rf2 Nd3 44. Re2+ Kf6 45. Re8 Ne5 46. Rf8+ Kg7 47.
Rd8 Ne3+ 48. Ke2 N3c4 49. h5 b6 50. Rc8 a5 51. hxg6 Kxg6 52. Rg8+ Kf7 53. Rc8 a4
54. Ra8 b5 55. Kd1 b4 56. Kc2 b3+ 57. Kc3 b2 58. Kc2 a3 59. Rxa3 Nxa3+ 60. Kxb2
Nb5 61. g5 Ng6 62. Kb3 Ke6 63. Kc4 Nd6+ 64. Kd4 Nf5+ 65. Ke4 Nd6+ 1/2-1/2

[Event "21st ch-EUR Indiv w 2021"]
[Site "Iasi ROU"]
[Date "2021.08.13"]
[Round "5.18"]
[White "Heinemann, Josefine"]
[Black "Mkrtchian, Lilit"]
[Result "1/2-1/2"]
[WhiteTitle "WGM"]
[BlackTitle "IM"]
[WhiteElo "2296"]
[BlackElo "2388"]
[WhiteFideId "12900460"]
[BlackFideId "13300601"]
[EventDate "2021.08.09"]

1. e4 e6 2. d4 d5 3. Nd2 c5 4. exd5 exd5 5. Bb5+ Bd7 6. Bxd7+ Nxd7 7. Ngf3 Ngf6
8. O-O Be7 9. dxc5 Nxc5 10. Nb3 Nce4 11. Nfd4 Qd7 12. f3 Nd6 13. Nc5 Qc7 14. Nd3
O-O 15. c3 Rfe8 16. Be3 Nc4 17. Bf4 Bd6 18. Bxd6 Qxd6 19. Re1 a6 20. Qc2 g6 21.
Qf2 Qb6 22. g3 h5 23. h4 Rac8 24. Nc2 Qxf2+ 25. Kxf2 Kf8 26. Rxe8+ Rxe8 27. Re1
Rxe1 28. Kxe1 Ke7 29. Ke2 Kd6 30. b3 Nb6 31. Ke3 Nc8 32. Kf4 Nh7 33. g4 hxg4 34.
fxg4 g5+ 35. hxg5 Ne7 36. Nd4 Ng6+ 37. Kf5 1/2-1/2

[Event "21st ch-EUR Indiv w 2021"]
[Site "Iasi ROU"]
[Date "2021.08.13"]
[Round "5.19"]
[White "Abdulla, Khayala"]
[Black "Mammadova, Gulnar"]
[Result "0-1"]
[WhiteTitle "WGM"]
[BlackTitle "IM"]
[WhiteElo "2264"]
[BlackElo "2385"]
[WhiteFideId "13401807"]
[BlackFideId "13403508"]
[EventDate "2021.08.09"]

1. e4 e6 2. d4 d5 3. Nc3 Nf6 4. Bg5 dxe4 5. Nxe4 Be7 6. Bxf6 Bxf6 7. Nxf6+ Qxf6
8. Nf3 O-O 9. Bd3 c5 10. Qe2 cxd4 11. Qe4 g6 12. O-O-O Nc6 13. g4 Rd8 14. h4 e5
15. h5 Be6 16. g5 Qf5 17. hxg6 fxg6 18. Qe2 Qf4+ 19. Nd2 Bd5 20. f3 Nb4 21. Rh6
Nxd3+ 22. Qxd3 Qxg5 23. Rdh1 Rd7 24. Kb1 Rf8 25. Qb5 Bc6 26. Qc4+ Bd5 27. Qb5
Rff7 28. Ne4 Bxe4 29. fxe4 Qf6 30. a4 a6 31. Qb3 Kf8 32. Qa3+ Qe7 33. Qh3 Qd6
34. Qd3 Ke8 35. R1h3 Qb4 36. Rf3 Qxa4 37. b3 Qb5 38. Qd1 Rxf3 39. Qxf3 d3 40.
Qf6 dxc2+ 41. Kb2 c1=Q+ 42. Kxc1 Qc5+ 0-1

[Event "21st ch-EUR Indiv w 2021"]
[Site "Iasi ROU"]
[Date "2021.08.13"]
[Round "5.20"]
[White "Brunello, Marina"]
[Black "Ghukasyan, Siranush"]
[Result "1-0"]
[WhiteTitle "IM"]
[BlackTitle "WIM"]
[WhiteElo "2379"]
[BlackElo "2194"]
[WhiteFideId "822590"]
[BlackFideId "13300946"]
[EventDate "2021.08.09"]

1. e4 e5 2. Nf3 Nc6 3. Bc4 Bc5 4. d3 Nf6 5. c3 d6 6. Bb3 a6 7. O-O O-O 8. Be3
Bxe3 9. fxe3 d5 10. exd5 Nxd5 11. Qe2 Be6 12. Nbd2 Qe7 13. Bc2 f6 14. Rae1 Bf7
15. Nh4 Rfe8 16. Nf5 Qf8 17. Ne4 Nce7 18. Nfg3 Kh8 19. d4 Ng6 20. c4 Nb4 21. d5
Nxa2 22. Qg4 Nb4 23. Bb1 c6 24. d6 Be6 25. Qh5 Qg8 26. Nxf6 gxf6 27. Rxf6 Nf8
28. Ref1 Bxc4 29. R1f5 Bd3 30. Bxd3 Nxd3 31. Rg5 Qc4 32. Qh6 Ng6 33. Rgxg6 Rg8
34. Qxh7+ 1-0

[Event "21st ch-EUR Indiv w 2021"]
[Site "Iasi ROU"]
[Date "2021.08.13"]
[Round "5.21"]
[White "Eric, Jovana"]
[Black "Balajayeva, Khanim"]
[Result "0-1"]
[WhiteTitle "WGM"]
[BlackTitle "WGM"]
[WhiteElo "2254"]
[BlackElo "2376"]
[WhiteFideId "938238"]
[BlackFideId "13406396"]
[EventDate "2021.08.09"]

1. e4 e5 2. Nf3 Nc6 3. Bc4 Nf6 4. d3 h6 5. Bb3 d6 6. c3 g6 7. O-O Bg7 8. h3 Qe7
9. Re1 Bd7 10. Be3 O-O 11. Nbd2 Rae8 12. Bc2 Nh5 13. d4 a6 14. dxe5 Nxe5 15. Nh2
Qf6 16. Ng4 Nxg4 17. hxg4 Nf4 18. e5 Qxe5 19. Qf3 Nd5 20. Nc4 Qe6 21. g5 Nxe3
22. Nxe3 Bc6 23. Qg3 hxg5 24. Qxg5 Qe5 25. Qg4 Bf6 26. Nf5 Qxe1+ 27. Rxe1 Rxe1+
28. Kh2 Bg7 29. Nh4 Rfe8 30. Bd3 Be5+ 31. f4 Bg7 32. Qg5 Rd1 33. Bc4 d5 34. Bb3
Rf1 35. Nf3 Rf2 36. Bxd5 Bxd5 37. Qxd5 Rxb2 38. Ng5 Rf8 39. Qc4 c6 40. a4 Bh6
41. Nf3 b5 42. Qxc6 Bxf4+ 43. Kh3 Kg7 44. Nd4 Rf2 45. Qb7 Rh8+ 46. Kg4 Be5 47.
g3 Bxd4 48. cxd4 Rh5 49. Qc7 Kh6 50. Qc1+ Kh7 51. Qc7 bxa4 52. d5 a3 53. Qa7 Rf1 0-1

[Event "21st ch-EUR Indiv w 2021"]
[Site "Iasi ROU"]
[Date "2021.08.13"]
[Round "5.22"]
[White "Fataliyeva, Ulviyya"]
[Black "Radeva, Viktoria"]
[Result "0-1"]
[WhiteTitle "WGM"]
[BlackTitle "WGM"]
[WhiteElo "2253"]
[BlackElo "2372"]
[WhiteFideId "13403052"]
[BlackFideId "2915405"]
[EventDate "2021.08.09"]

1. d4 d5 2. c4 e6 3. Nc3 c6 4. Nf3 Nf6 5. Bg5 Nbd7 6. cxd5 exd5 7. e3 Be7 8. Qc2
Nh5 9. h4 h6 10. Bxe7 Qxe7 11. O-O-O Nb6 12. Ne5 Nf6 13. Be2 Be6 14. Kb1 O-O-O
15. f4 Kb8 16. g4 Bc8 17. Bf3 h5 18. g5 Nfd7 19. Rhe1 Nxe5 20. dxe5 g6 21. Ka1
Bf5 22. Qf2 Qc5 23. Rd4 Rd7 24. Red1 Rhd8 25. Be2 Qe7 26. Bf3 Qc5 27. Ne2 Qe7
28. Ng3 Be6 29. f5 Bxf5 30. Nxf5 gxf5 31. Bxh5 Rh8 32. Be2 Qxe5 33. Bd3 Re7 34.
Re1 c5 35. Rf4 d4 36. e4 c4 37. Rxf5 Qd6 38. Bf1 d3 39. Rd1 Rxe4 40. Rxf7 Rhxh4
41. Bg2 Rhf4 42. Qg3 Nc8 43. Rh7 Re7 44. g6 Rf6 45. Qh3 Rxg6 46. Rh8 Qe6 47. Qh1
Qe5 48. Rh5 Rg5 49. Rh4 c3 50. Re4 cxb2+ 51. Kb1 Qc7 52. Rd2 Rxg2 0-1

[Event "21st ch-EUR Indiv w 2021"]
[Site "Iasi ROU"]
[Date "2021.08.13"]
[Round "5.23"]
[White "Urh, Zala"]
[Black "Injac, Teodora"]
[Result "0-1"]
[WhiteTitle "WIM"]
[BlackTitle "WGM"]
[WhiteElo "2216"]
[BlackElo "2370"]
[WhiteFideId "14611481"]
[BlackFideId "932400"]
[EventDate "2021.08.09"]

1. d4 Nf6 2. c4 e6 3. Nf3 Bb4+ 4. Nbd2 O-O 5. a3 Be7 6. e4 d6 7. Be2 Nfd7 8. O-O
e5 9. Rb1 exd4 10. Nxd4 Bf6 11. Nc2 Nc5 12. Re1 a5 13. b3 Nc6 14. f4 Re8 15. Bf1
g6 16. Qf3 Nd4 17. Nxd4 Bxd4+ 18. Kh1 h5 19. Bb2 Bg4 20. Qg3 Qf6 21. e5 dxe5 22.
fxe5 Qf2 23. Bxd4 Qxd4 24. Nf3 Bxf3 25. gxf3 Rad8 26. b4 axb4 27. axb4 Nd3 28.
Bxd3 Qxd3 29. c5 h4 30. Qf4 h3 31. Qg4 Rxe5 32. Qxh3 Re3 33. Rf1 Kg7 34. Qg4 Rd4
35. Qg3 Rxb4 36. Rbd1 Qf5 37. Rd8 Rb1 38. Rxb1 Qxb1+ 39. Kg2 Qc2+ 40. Kh3 Qxc5
41. Qf4 Qe5 42. Qg4 Qe6 0-1

[Event "21st ch-EUR Indiv w 2021"]
[Site "Iasi ROU"]
[Date "2021.08.13"]
[Round "5.24"]
[White "Semenova, Elena1"]
[Black "Belenkaya, Dina"]
[Result "1/2-1/2"]
[WhiteTitle "WIM"]
[BlackTitle "WGM"]
[WhiteElo "2212"]
[BlackElo "2350"]
[WhiteFideId "24125148"]
[BlackFideId "24142654"]
[EventDate "2021.08.09"]

1. e4 c6 2. d4 d5 3. e5 c5 4. dxc5 e6 5. a3 Bxc5 6. b4 Bb6 7. Nf3 Ne7 8. Bd3 a5
9. b5 Nd7 10. a4 Ng6 11. Bb2 Qc7 12. Bxg6 hxg6 13. O-O g5 14. h3 g4 15. hxg4 Qc4
16. Bd4 Bxd4 17. Qxd4 Qxd4 18. Nxd4 Nxe5 19. Re1 Nxg4 20. c4 Rh5 21. Nd2 Bd7 22.
f3 Nf6 23. g4 Rg5 24. Kf2 Kf8 25. Rac1 e5 26. N4b3 e4 27. Nc5 Bc8 28. cxd5 exf3
29. d6 Rd5 30. Nde4 Nxg4+ 31. Kg3 f2 32. Rh1 Nh6 33. Rcd1 Rxd1 34. Rxd1 Bg4 35.
Rc1 b6 36. Nxf2 Bf5 37. Nce4 Re8 38. Rc6 f6 39. Rxb6 Bxe4 40. d7 Rd8 41. Nxe4
Rxd7 42. Nxf6 Rd4 43. Nh5 Nf5+ 44. Kf2 Rxa4 45. Ra6 Kf7 46. Ra7+ Kg6 47. Nxg7
Nxg7 48. b6 Ra2+ 49. Kf3 Nf5 50. b7 Rb2 51. Rxa5 Rxb7 52. Kf4 Rb4+ 53. Ke5 Ne3
54. Ra1 Rb5+ 55. Ke4 Ng4 56. Rg1 Kg5 57. Kd4 Kf5 58. Rf1+ Ke6 59. Ra1 Ne5 60.
Ra6+ Kf5 61. Rh6 Rb4+ 62. Kd5 Ng4 63. Rh5+ Kf4 64. Rh4 Rb1 65. Rh3 Ne3+ 66. Kc5
Rc1+ 67. Kd4 Nf5+ 68. Kd5 Rd1+ 69. Kc5 Ke4 70. Rh8 Rc1+ 71. Kb4 Kd3 72. Rg8 Rc4+
73. Kb5 Nd4+ 74. Kb6 Ke4 75. Rg4+ Kd5 76. Rg5+ Kd6 77. Rg6+ Ne6 78. Kb5 Rh4 79.
Rf6 Ke5 80. Rf1 Kd5 81. Rf5+ Kd4 82. Rf1 Nf4 83. Rd1+ Nd3 84. Rg1 Rh5+ 85. Kb6
Kd5 86. Rf1 Kc4 87. Rf6 Rb5+ 88. Kc7 Nb4 89. Rf1 Rd5 90. Rc1+ Kb5 91. Rb1 Rd3
92. Rb2 Kc5 93. Rh2 Rd6 94. Rh1 Nd5+ 95. Kc8 Nb6+ 96. Kb7 Rd7+ 97. Ka6 Rg7 98.
Rc1+ Nc4 99. Rc2 Rg6+ 100. Kb7 Kb5 101. Rc1 Rb6+ 1/2-1/2